| 000 | 00803nam a2200205Ia 4500 | ||
|---|---|---|---|
| 005 | 20241216011459.0 | ||
| 008 | 190429s9999||||xx |||||||||||||| ||und|| | ||
| 082 |
_a657.48 _bE88 |
||
| 100 | _aESPINOZA CASTAÑEDA JESUS RAMIRO, ROBLES BULLON SERGIO LUIS | ||
| 245 | 0 | _aLA AUDITORIA INTEGRAL Y LA GESTION DE RIESGOS EN LAS COOPERATIVAS DE AHORRO Y CREDITO DE LA PROVINCIA DE PASCO 2014 | |
| 250 | _a0 | ||
| 260 |
_aCERRO DE PASCO-PERU _bUNDAC _c2015 |
||
| 300 |
_a72 pag. _c30 cm. |
||
| 341 | _h0 | ||
| 490 |
_v0 _a0 |
||
| 505 | _aPLANEAMIENTO DEL PROBLEMA DE INVESTIGACION, MARCO TEORICO Y CONCEPTUAL, METODOLOGIA Y TENICA DE INVESTIGACION, ANALISIS E INTERPRETACION DE RESULTADOS OBTENIDOS. | ||
| 541 |
_aD _bESPINOZA CASTAÑEDA JESUS _d20-Jul-16 _oSoles |
||
| 650 | _aContabilidad | ||
| 942 | _cTESIS | ||
| 999 |
_c43028 _d43028 |
||